Código Fiscal : de la Ciudad Autónoma de Buenos Aires. /
Guardado en:
| Autor Corporativo: | |
|---|---|
| Formato: | Desconocido |
| Idioma: | Spanish |
| Publicado: |
Ciudad Autónoma de Buenos Aires :
Jusbaires,
2014.
|
| Edición: | 1a. ed. |
| Series: | Colección normativa
|
| Materias: | |
| Etiquetas: |
Agregar Etiqueta
Sin Etiquetas, Sea el primero en etiquetar este registro!
|
| LEADER | 00678nac a22001815a 4500 | ||
|---|---|---|---|
| 001 | DER.der014100 | ||
| 008 | 190918i2014####ag#||||||||||||||#||spa|| | ||
| 005 | 20240307113902.0 | ||
| 245 | 1 | 0 | |a Código Fiscal : |b de la Ciudad Autónoma de Buenos Aires. / |c Consejo de la Magistratura de la Ciudad Autónoma de Buenos Aires. |
| 250 | |a 1a. ed. | ||
| 260 | |a Ciudad Autónoma de Buenos Aires : |b Jusbaires, |c 2014. | ||
| 300 | |a 307 p. | ||
| 490 | 0 | |a Colección normativa | |
| 020 | |a 9789873690051 | ||
| 110 | 2 | |a Consejo de la Magistratura de la Ciudad Autónoma de Buenos Aires. | |
| 650 | 7 | |a TRIBUTOS ESPECIALES | |
| 650 | 7 | |a IMPUESTOS ESPECIALES | |
| 859 | |a DERECHO |b BIB. DERECHO |h 348.023 |i CON |p 009350 | ||
